000
00397nam a22001457a 4500
005
20251108173229.0
008
250721s9999 xx 000 0 ara d
082
1
4
_a
ط/ق/وال
245
1
0
_a
والت ديزني للأطفال /
264
1
_a
بيروت :
_b
دار القبس،
650
1
7
_a
القصص العربية
650
1
7
_a
أدب الأطفال
942
_2
ddc
_c
BK
999
_c
99074
_d
99074